00405nam a2200145Ia 4500008004100000020001800041041000800059082001700067100001500084245006800099260002000167300000800187365001600195700004800211230718s9999 xx 000 0 und d a9789351194095 aeng a005.265bKOT aKothari P. aAndroid Application DevelopmentbWith Kitkat Support Black Book c2014bDreamtech a560 cRs.b549.00 aKothari P. & Kogent Learning Solutions Inc.